The Spectator / (Record no. 165659)

MARC details
000 -LEADER
campo de control de longitud fija 01070nam a2200229 i 4500
001 - NÚMERO DE CONTROL
campo de control 165659
003 - IDENTIFICADOR DE NÚMERO DE CONTROL
campo de control ES-MaACL
005 - FECHA Y HORA DE LA ÚLTIMA TRANSACCIÓN
campo de control 20230906213200.0
008 - DATOS DE LONGITUD FIJA--INFORMACIÓN GENERAL
campo de control de longitud fija 050901s1898 xxk | |||||||| ||eng d
040 ## - FUENTE DE CATALOGACIÓN
Centro catalogador/agencia de origen CAM
Lengua de catalogación spa
Centro/agencia transcriptor CAM
080 ## - NÚMERO DE LA CLASIFICACIÓN DECIMAL UNIVERSAL
Número de la Clasificación Decimal Universal 821.111-4"17"
245 04 - MENCIÓN DEL TÍTULO
Título The Spectator /
Mención de responsabilidad, etc. with introduction and notes by George A. Aitken.
260 ## - PUBLICACIÓN, DISTRIBUCIÓN, ETC.
Lugar de publicación, distribución, etc. London :
Nombre del editor, distribuidor, etc. George Routledge & Sons,
Fecha de publicación, distribución, etc. [s.a.] (
Fabricante R. Clay and Sons)
300 ## - DESCRIPCIÓN FÍSICA
Extensión 6 v. (XXXVI, 427; 404; 387; 416; 484; 502 p.) ;
Dimensiones 15 cm.
490 1# - MENCIÓN DE SERIE
Mención de serie The New Universal Library
505 8# - NOTA DE CONTENIDO CON FORMATO
Nota de contenido con formato Contiene: 1. [Letters 1 to 100.] - s.d. - XXXVI-428-8 p. 2. [Letters 101 to 200.] - s.d. - 404-6 p. 3. [Letters 201 to 300.] - s.d. - 388 p. 4. [Letters 301 to 400.] - s.d. - 416 p. 5. [Letters 401 to 525.] - s.d. 484 p. 6. [Letters 526 to 635. Appendices. Index to the six volumes.] - s.d. - 502 p
596 ## - NOTA AL PIE DE IMPRENTA
NOTA AL PIE DE IMPRENTA En prelim. consta la fecha de 1898.
700 1# - ENTRADA AGREGADA--NOMBRE PERSONAL
Nombre de persona Aitken, George A.
9 (RLIN) 125569
830 0# - PUNTO DE ACCESO ADICIONAL DE SERIE-TÍTULO UNIFORME
Título uniforme The New Universal Library
9 (RLIN) 187927
852 ## - LOCALIZACIÓN
Ubicación ES-MaACL
Número de control de estantería G-14898-903
Nota libre -- Enc. tela verde
Holdings
Estatus retirado Estado de pérdida Estado de daño No para préstamo Biblioteca de origen Biblioteca actual Ubicación en estantería Fecha de adquisición Total de préstamos Signatura topográfica completa Código de barras Visto por última vez Precio de reemplazo Tipo de ítem Koha
        Biblioteca del Ateneo de Madrid Biblioteca del Ateneo de Madrid Sala Pecera Planta 3 17/01/2008   G-14898-903 1173730 23/02/2023 23/02/2023 Libro impreso